000 00340nam a2200121Ia 4500
008 240731s9999 xx 000 0 und d
022 _a1474-029X
245 4 _aThe Round Table : The Commonwealth Journal of International Affairs
260 _bRoutledge
856 _uhttps://www.tandfonline.com/loi/ctrt20
942 _2ddc
942 _cTFEJ
999 _c80075
_d80075
945 _a1
_bMadushi Gamage
_c1
_dMadushi Gamage